Normal view
MARC view
Entry Topical Term
001 - CONTROL NUMBER
- control field: 12044
003 - CONTROL NUMBER IDENTIFIER
- control field: BD-RjUL
005 - DATE AND TIME OF LATEST TRANSACTION
- control field: 20240304104713.0
008 - FIXED-LENGTH DATA ELEMENTS
- fixed length control field: 240304|| aca||aabn | a|a d
040 ## - CATALOGING SOURCE
- Original cataloging agency: BD-RjUL
- Transcribing agency: BD-RjUL
150 ## - HEADING--TOPICAL TERM
- Topical term or geographic name entry element: সমাজকর্ম
- Form subdivision: মহিলা কল্যাণ
670 ## - SOURCE DATA FOUND
- Source citation: Work cat.: (BD-RjUL)83215: বানু, সেলিনা 12043, মহিলা কল্যাণে সরকারী ও বেসরকারী প্রতিষ্ঠানের ভূমিকা :, ২০০৭